000 00299cam a2200121ua 4500
082 _a425
_bHOR/GU
100 _aHornby, A.S.
_91826
245 _aGuide to Patterns and Usage in English /
250 _a1 /
260 _aLondon :
_bOxford University Press ,
_c1962.
300 _a261 ; .
942 _cBK
999 _c8558
_d8558